• 首页
  • 本馆介绍
  • 公告通知
  • 最新文献
  • 馆藏检索
  • 电子资源
  • 读者导购
  • 参考咨询
  • 我的图书馆
  • 登录
  • 详细信息显示
  • 放入我的书架
  • 预约/预借图书
  • 作者相关作品
  • 分类相关作品
  • 丛书相关作品
  • 出版社相关作品

书目信息

  • 表格格式
  • 工作单格式
  • 卡片格式
题名:
武汉分册
    
 
作者: 草央 , 刘延平 主编
分册:  
出版信息: 北京   中国铁道出版社  2007.04
页数: 86页
开本: 29cm
丛书名: 中国铁路旅客服务手册
单 册:
中图分类: U293.3 , K928.9
科图分类:
主题词: 铁路运输--旅客运输--中国--手册 , 导游--中国 , 铁路运输 , 旅客运输 , 导游
电子资源:
ISBN: 7-113-06459-0
000 01135nam0 2200349 450
001 002920857
005 20050826142949.0
010    @a7-113-06459-0@dCNY15.00
100    @a20050119d2007 em y0chiy0110 ea
101 0  @achi
102    @aCN@b110000
105    @aa z 000yy
106    @ar
200 1  @a武汉分册@Awu han fen ce@f草央,刘延平主编@g本社编委会编
210    @a北京@c中国铁道出版社@d2007.04
215    @a86页@c彩照,图@d29cm
225 2  @a中国铁路旅客服务手册
330    @a本书包括列车窗口,换乘时刻,城市风采,时尚/潮流等部分,对北京——桂林K21/22次列车、湛江——无锡K149/150列车的旅客运输工作和该车途径的旅游景点进行了介绍。
410  0 @12001 @a中国铁路旅客服务手册
510 1  @aService Be The Rage Fad Shopping Tour@zeng
606 0  @a铁路运输@x旅客运输@y中国@j手册
606 0  @a导游@y中国
606 0  @a铁路运输
606 0  @a旅客运输
606 0  @a导游
690    @aU293.3@v4
690    @aK928.9@v4
701  0 @a草央@Acao yang@c(铁路服务)@4主编
701  0 @a刘延平@Aliu yan ping@c(铁路服务)@4主编
801  0 @aCN@bJiuFeng@c20050829
905   @aBZT@dU293.3@e1@f10
906    @dCNY15.00@n0@r1
    
    武汉分册/草央,刘延平主编/本社编委会编.-北京:中国铁道出版社,2007.04
    86页:彩照,图;29cm.-(中国铁路旅客服务手册)
    
    
    ISBN 7-113-06459-0:CNY15.00
    本书包括列车窗口,换乘时刻,城市风采,时尚/潮流等部分,对北京——桂林K21/22次列车、湛江——无锡K149/150列车的旅客运输工作和该车途径的旅游景点进行了介绍。
●
相关链接 在五车中查询图书 在当当中查询图书 在豆瓣中查询图书


正题名:武汉分册     索取号:U293.3/1         预约/预借

序号 登录号 条形码 馆藏地/架位号 状态 备注
1 729510   2000729510   中心书库北库/ 北库040架A面4列7层13/ [索取号:U293.3/1] 在馆    
2 729511   2000729511   中心书库北库/ 北库040架A面4列7层5/ [索取号:U293.3/1] 在馆    
3 729512   2000729512   中心书库北库/ 北库040架A面4列7层6/ [索取号:U293.3/1] 在馆    
4 729513   2000729513   中心书库北库/ 北库040架A面4列7层1/ [索取号:U293.3/1] 在馆    
5 729514   2000729514   中心书库北库/ 北库040架A面4列7层16/ [索取号:U293.3/1] 在馆    
6 729515   2000729515   中心书库北库/ 北库040架A面4列7层10/ [索取号:U293.3/1] 在馆    
7 729516   2000729516   中心书库北库/ 北库040架A面4列7层11/ [索取号:U293.3/1] 在馆    
8 729517   2000729517   中心书库北库/ 北库040架A面4列7层8/ [索取号:U293.3/1] 在馆    
9 729518   2000729518   中心书库北库/ 北库040架A面4列7层9/ [索取号:U293.3/1] 在馆    
10 729519   2000729519   中心书库北库/ 北库040架A面4列7层7/ [索取号:U293.3/1] 在馆    
山东省滨州职业学院图书馆 欢迎您!
大连网信软件有限公司© 版权所有